000 00304nam a2200145Ia 4500
100 _aAttenborough/ David
650 _aGeneral
942 _cRB
654 _aLife on earth
245 _aLife on earth
260 _bReading digest
_aLondon
_c1981
082 _a590
300 _a368
546 _aENGLISH
999 _c30491
_d30491